Turn the Page lyrics (Bob Seger) - Statistics

General Stats
  • This quiz has been taken 20 times
  • The average score is 211 of 308
Answer Stats
Lyrics % Correct
a
100%
page
100%
the
100%
turn
100%
hear
92%
I
92%
up
92%
again
85%
am,
85%
go,
85%
go
85%
here
85%
Here
85%
"Is
85%
night
85%
On
85%
on
85%
or
85%
road
85%
stage
85%
There
85%
there
85%
be
77%
girl
77%
long
77%
man?"
77%
out
77%
Out
77%
play
77%
playing
77%
star
77%
When
77%
woman,
77%
woman
77%
You
77%
you
77%
your
77%
and
69%
And
69%
before
69%
do
69%
highway,
69%
in
69%
it
69%
knew
69%
of
69%
that
69%
always
62%
can
62%
don't
62%
last
62%
old
62%
same
62%
she
62%
song
62%
stand
62%
to
62%
what
62%
you're
62%
about
54%
as
54%
As
54%
away
54%
can't
54%
cigarette,
54%
dare
54%
east
54%
engine
54%
its
54%
just
54%
listen
54%
lonesome
54%
make
54%
miles
54%
million
54%
Omaha
54%
smoke
54%
think
54%
wish
54%
clichés:
46%
day's
46%
'em
46%
hours
46%
nothing
46%
other
46%
outnumbered,
46%
remembering
46%
said
46%
seem
46%
sixteen
46%
talk,
46%
through
46%
times
46%
Well,
46%
But
38%
but
38%
cold
38%
Every
38%
explode
38%
like
38%
much
38%
off
38%
riding
38%
riding,
38%
spotlight
38%
there's
38%
they
38%
trip
38%
want
38%
was
38%
With
38%
awake
31%
body
31%
doesn't
31%
energy
31%
from
31%
head
31%
moanin'
31%
one-note
31%
ounce
31%
pours
31%
shaking
31%
soon
31%
sweat
31%
thoughts
31%
wandering
31%
will
31%
amplifiers
23%
bed
23%
bother
23%
feel
23%
give
23%
into
23%
lie
23%
pretend
23%
restaurant,
23%
ringin'
23%
try
23%
walk
23%
way
23%
echoes
15%
evening
15%
eyes
15%
Later
15%
music
15%
Say,
15%
strung
15%
upon
15%
All
8%
Most
8%
No matching quizzes found
Score Distribution
Percent of People with Each Score
Percentile by Number Answered
Your Score History
You have not taken this quiz